000 00924nam a2200325Ia 4500
008 170203s9999 xx 000 0 und d
020 _a0 590381571
050 _a413
050 _bT333d 1996
100 _aTerban, Marvin.
245 _aScholastic dictionary of idioms :
245 _bmore than 600 phrases, sayings & expressions /
245 _cMarvin Terban.
260 _aUSA :
260 _bScholastic Inc.
260 _c1996
300 _a245 pages :
300 _billustrations ;
300 _c23 cm.
650 _aEnglish language -- Idioms --
650 _aEnglish language -- Idioms -- Dictionaries,
650 _aEnglish language -- Terms and phrases --
650 _aFigures of speech --
650 _aFigures of speech --
650 _xDictionaries, Juvenile.
650 _xDictionaries.
650 _xDictionaries.
650 _xJuvenile literature.
650 _xJuvenile.
999 _c305974
_d305974